<?xml version="1.0" encoding="UTF-8"?>
<collection xmlns="http://www.loc.gov/MARC21/slim">
 <record>
  <leader>01502nam a22001937a 4500</leader>
  <controlfield tag="001">NCT_4_026348</controlfield>
  <controlfield tag="008">251006b        xxu||||| |||| 00| 0 vie d</controlfield>
  <datafield tag="999" ind1=" " ind2=" ">
   <subfield code="c">9302</subfield>
   <subfield code="d">9302</subfield>
  </datafield>
  <datafield tag="020" ind1=" " ind2=" ">
   <subfield code="a">9780571232017</subfield>
   <subfield code="c">£8.99</subfield>
  </datafield>
  <datafield tag="082" ind1="0" ind2="4">
   <subfield code="2">23rd ed.</subfield>
   <subfield code="a">823.914</subfield>
   <subfield code="b">P355</subfield>
  </datafield>
  <datafield tag="100" ind1="1" ind2=" ">
   <subfield code="a">Peace, David</subfield>
  </datafield>
  <datafield tag="245" ind1="1" ind2="0">
   <subfield code="a">Tokyo redux</subfield>
   <subfield code="c">David Peace</subfield>
  </datafield>
  <datafield tag="260" ind1=" " ind2=" ">
   <subfield code="a">London</subfield>
   <subfield code="b">Faber &amp; Faber</subfield>
   <subfield code="c">2022</subfield>
  </datafield>
  <datafield tag="300" ind1=" " ind2=" ">
   <subfield code="a">457 p.</subfield>
   <subfield code="b">ill.</subfield>
   <subfield code="c">20 cm</subfield>
  </datafield>
  <datafield tag="520" ind1="3" ind2=" ">
   <subfield code="a">Set in US Occupation-era Japan and heavily inspired by the mysterious death of Sadanori Shimoyama, president of the National Railways of Japan, Tokyo Redux is the third and final book in David Peace's Tokyo Trilogy. After axing 30,000 railway jobs, President Shimoyama goes missing. His mangled body is later found on the railway tracks in what could have been a suicide or a murder. In the novel, the case ultimately spans multiple generations and finds itself in the hands of three different people: American detective Harry Sweeney in 1949, police officer-turned-private investigator Hideki Murota in 1964, and American teacher and translator Donald Reichenbach in 1989. The answer to the Showa era's greatest mystery draws closer with the passing of time, but what uncomfortable truths will come to light in this page-turning murder-mystery thriller?</subfield>
  </datafield>
  <datafield tag="653" ind1=" " ind2=" ">
   <subfield code="a">Tham khảo</subfield>
  </datafield>
  <datafield tag="942" ind1=" " ind2=" ">
   <subfield code="2">ddc</subfield>
   <subfield code="c">BK</subfield>
  </datafield>
  <datafield tag="952" ind1=" " ind2=" ">
   <subfield code="0">0</subfield>
   <subfield code="1">0</subfield>
   <subfield code="2">ddc</subfield>
   <subfield code="4">0</subfield>
   <subfield code="6">823_914000000000000_P355</subfield>
   <subfield code="7">0</subfield>
   <subfield code="9">31436</subfield>
   <subfield code="a">000001</subfield>
   <subfield code="b">000001</subfield>
   <subfield code="d">2025-10-06</subfield>
   <subfield code="o">823.914 P355</subfield>
   <subfield code="p">TK.05736</subfield>
   <subfield code="r">2025-10-06</subfield>
   <subfield code="w">2025-10-06</subfield>
   <subfield code="y">BK</subfield>
  </datafield>
  <datafield tag="980" ind1=" " ind2=" ">
   <subfield code="a">Thư viện Trường Đại học Nam Cần Thơ</subfield>
  </datafield>
 </record>
</collection>
